00772 2200241 4500001002100000008004100021035002000062245014100082100002200223700002200245700003100267700001600298250001000314260003600324300005100360020002200411084001400433520002400447082000800471650002700479990001200506990001200518INLIS000000000015124 ind  a0010-1222000203 aKidzopedia: Keajaiban Tubuh ManusiacDyah Umi Purnama;penyunting; Tin Zulaeha, Aisyah W. Wardani, Eko Utoro Sulistiyo Wibowo, Wahyu Azmi aDYAH, Umi Purnama aAISYAH,W. Wardani aEKO,Utoro Sulistiyo Wibowo aWAHYU, Azmi acet.2 aSurakarta :bVisiMandiri,c2022 a195 hlm.: ilus.Bibliografi,hlm.193-195c25 cm. a978-602-50759-0-2 a611 DYA k aBibliografi.:hlm 80 a611 aANATOMI, TUBUH MANUSIA a10268 a a10268 b